[Event "Stay Safe Play From Home 173"]
[Site "T#646330Emanuel Laske"]
[Date "2020.05.25"]
[Round "1"]
[White "DoRuKMaNN"]
[Black "Weltszmerc"]
[Result "0-1"]
[WhiteElo "1620"]
[BlackElo "1940"]
[Annotator "TA"]
[PlyCount "128"]
[EventDate "2020.05.25"]
[EventType "swiss (blitz)"]

{[%evp 11,127,15,6,0,-1,-37,0,0,29,35,44,15,17,20,22,18,203,95,202,195,279,270,308,314,278,289,311,294,312,311,300,211,221,-506,-543,-542,-536,-488,-320,-297,-227,-273,-227,-231,-237,-338,-225,-219,-208,-222,-16,-338,-338,-29986,-338,-365,-365,-365,-365,-455,-365,-476,-442,-402,-365,-365,-365,-365,0,-395,-365,-506,-365,-598,-352,-12803,-9002,-29987,-29988,-29991,-29991,-29991,-29992,-29993,-29992,-29992,-29993,-29993,-29994,-29994,-29993,-29994,-29994,-29994,-29994,-29995,-29995,-29995,-29996,-29996,-29997,-29997,-29997,-29997,-29997,-29997,-29996,-29996,-29996,-29996,-29997,-29997,-29997,-29997,-29997,-29998,-29999,-29999]} 1. d4 Nf6 2. c4 b6 3. g3 Bb7 4. Nf3 e6 5. Bg2 d5 6. O-O dxc4 7. Qc2 {E16: Queen's Indian: 4 g3 Bb7 5 Bg2 Bb4+.} Be7 8. Nbd2 O-O 9. Nxc4 {[#] The position is equal.} a6 $146 ({Predecessor:} 9... Be4 10. Qb3 Nc6 11. Bf4 Nd5 12. Rfd1 Ncb4 13. Ne1 Nxf4 14. gxf4 Qd5 15. a3 Bxg2 16. Nxg2 Nc6 17. Qc3 Bf6 18. Ne5 Ne7 19. Rac1 Rac8 20. Qc4 {½-½ (20) Nabaty,T (2619)-Fressinet,L (2692) Gjakova 2016}) 10. Bg5 Nbd7 11. Nfe5 Bxg2 12. Kxg2 Nxe5 13. dxe5 Qd5+ $2 (13... Nd5 $11 14. Bxe7 Qxe7) 14. Kg1 (14. f3 $18) 14... b5 (14... Bd8 $16 {keeps fighting.}) 15. exf6 $18 gxf6 (15... Bc5 {might work better.} 16. fxg7 Rfe8) 16. Bh6 Qxc4 17. Qxc4 bxc4 18. Bxf8 Kxf8 {[%mdl 4096] Endgame KRR-KRB} 19. Rac1 Rb8 20. Rxc4 Rxb2 21. e3 Bd6 22. Rxc7 $4 {[%mdl 8192]} (22. Ra4 $18) 22... Bxc7 {KRB-KR} 23. Rc1 Bd6 24. Rc6 Ke7 25. Rxa6 e5 26. a4 e4 27. a5 Ra2 28. Ra8 (28. Kf1 $142) 28... Ke6 29. a6 Kf5 30. a7 {Threatening g4+!} h5 $2 (30... Be7 $19 31. Rh8 Rxa7 32. Rxh7 Kg6) 31. Kg2 $2 {[%mdl 8192]} (31. Rd8 $11 Bxg3 32. hxg3 Ra1+ 33. Kh2 Rxa7 34. Rg8) 31... Bc5 $19 {White must now prevent ...Bxe3.} 32. Rf8 $2 {[#]} (32. Rg8 $19 Rxa7 33. h3) 32... Rxa7 $2 (32... Bxf8 {mates} 33. Kh1 Rxa7 34. Kg2 Bb4 35. Kf1 Ra2 36. h3 Rc2 37. Kg2 Be1 38. Kh2 Bxf2 39. Kg2 Bxe3+ {[%mdl 64] Discovered Attack} 40. Kf1 {[#]} h4 $1 {[%mdl 512]} 41. Ke1 hxg3 42. Kd1 Rd2+ 43. Kc1 g2 44. h4 g1=Q#) 33. Rh8 Kg6 34. h3 Bd6 35. Rc8 Be5 36. Rc2 Rc7 37. Ra2 Rc3 38. Ra5 Kf5 39. Ra7 Kg6 $2 (39... Bd6 $19 {...Bc7 is the strong threat.} 40. Rd7 Ke6) 40. Ra6 $2 {[%mdl 8192]} (40. Ra5 $1 $11 {and White stays safe.} Bc7 41. Ra6) 40... Rc2 41. Ra8 Bd6 42. Rd8 $2 (42. Kf1 {is a better defense.}) 42... Bc5 {Hoping for ...Bxe3.} 43. Rd5 $2 (43. Kf1) 43... Bxe3 44. Ra5 Rxf2+ {Black mates.} 45. Kg1 Ra2+ 46. Kf1 Rxa5 47. Ke1 Ra3 48. Ke2 Bd4 49. Kd1 Ra2 50. Ke1 Rh2 51. Kd1 f5 52. Ke1 Be3 53. Kd1 f4 54. gxf4 Kf5 55. Ke1 Kxf4 56. Kd1 f5 57. Ke1 Rf2 58. Kd1 Kg3 59. Ke1 Kxh3 60. Kd1 Kg2 61. Ke1 h4 62. Kd1 h3 63. Ke1 h2 {[%cal Rh2h1]} 64. Kd1 h1=Q# {Accuracy: White = 27%, Black = 39%.} 0-1

[Event "Stay Safe Play From Home 173"]
[Site "T#646330Emanuel Laske"]
[Date "2020.05.25"]
[Round "2"]
[White "praveen prasad"]
[Black "Lazieri3"]
[Result "1-0"]
[WhiteElo "2304"]
[BlackElo "2148"]
[Annotator "TA"]
[PlyCount "97"]
[EventDate "2020.05.25"]
[EventType "swiss (blitz)"]

{[%evp 9,96,6,35,8,16,17,18,10,10,0,0,-28,-27,-68,-48,-51,31,29,23,39,29,18,69,70,160,58,112,30,73,23,67,38,81,29,32,0,11,17,52,-6,-6,-6,25,13,8,-2026,-25,-19,-19,-33,-19,-20,-14,-43,-21,-17,0,0,0,0,0,0,0,0,0,-41,0,-17,-17,-17,-17,-171,0,-9,0,-17,-17,-17,-17,-17,0,-17,-17,-17,-17,-17,0,0,29999]} 1. e4 c6 2. d4 d5 3. exd5 cxd5 4. c3 Nc6 5. Nf3 Nf6 6. Bb5 {B13: Caro-Kann: Exchange Variation and Panov-Botvinnik Attack.} Bf5 7. O-O e6 8. Ne5 {The position is equal.} Rc8 9. Qa4 {[%cal Re5c6]} Qb6 10. Bxc6+ bxc6 {[#]} 11. b4 $146 ({Predecessor:} 11. Nd2 Bd6 12. Ndf3 O-O 13. b4 Qb5 14. Qb3 Ng4 15. Bf4 Nxe5 16. Nxe5 f6 17. Nd7 Bxf4 18. Nxf8 Kxf8 {0-1 (33) Martinez de Negri,T-Dickau,D (2127) Villa Ballester 2009}) 11... Bd6 12. Bf4 Bxe5 ({Black should play} 12... Ne4 $15) 13. Bxe5 $14 O-O 14. Bxf6 gxf6 15. Qd1 Bxb1 (15... a5 $11) 16. Rxb1 a5 ({Black should try} 16... Kh8 $14) 17. a3 (17. Qg4+ $16 Kh8 18. Qh4) 17... axb4 (17... h6 $14) 18. axb4 (18. cxb4 $16 Kh8 19. a4) 18... f5 19. Qf3 Qd8 20. Rfe1 {Strongly threatening Qg3+.} Qf6 21. Re3 (21. Ra1 $16) 21... Kh8 22. Qh5 Rg8 23. Rh3 {[%csl Gh3][%cal Rh5h7] [#]} Rg7 24. Re1 (24. Ra1 $14) 24... Rcg8 25. Rg3 f4 26. Rxg7 Qxg7 {[%csl Gg8][%cal Rg7g2]} 27. Qe5 $2 {[%mdl 8192]} (27. Qf3 $11) 27... Qxe5 $2 (27... f6 $19 {[%csl Gg8][%cal Rg7g2]} 28. g3 fxe5 29. dxe5 Qg6) 28. dxe5 $19 {[%mdl 4096] Endgame KR-KR} Kg7 29. g3 fxg3 30. hxg3 Ra8 31. Re3 Ra2 32. Kg2 f6 33. exf6+ Kxf6 34. Rf3+ Kg6 35. Re3 Kf6 36. Rf3+ Kg6 37. Kh3 Rc2 38. Re3 Kf6 39. f4 h5 40. Rf3 $2 (40. g4 $11 {and White is okay.}) 40... Kf5 $2 (40... e5 $19 {Threatens to win with ...e4.} 41. fxe5+ Kxe5) 41. Re3 $11 Kf6 42. g4 hxg4+ 43. Kxg4 Rf2 44. Rh3 Rc2 45. Rh6+ Ke7 46. Rh7+ Kd6 47. Rh3 d4 48. Rd3 Kd5 $2 {[%mdl 8192] [#]} (48... e5 $11 49. cxd4 exf4) 49. Rxd4# {White used his chance. Accuracy: White = 56%, Black = 59%.} 1-0

[Event "Stay Safe Play From Home 173"]
[Site "T#646330Emanuel Laske"]
[Date "2020.05.25"]
[Round "2"]
[White "Rogan"]
[Black "Haxhi Baha"]
[Result "1-0"]
[WhiteElo "2273"]
[BlackElo "2007"]
[Annotator "TA"]
[PlyCount "129"]
[EventDate "2020.05.25"]
[EventType "swiss (blitz)"]

{[%evp 9,129,6,9,12,9,-9,35,12,7,3,31,7,7,8,21,9,0,8,9,11,3,-27,-25,-27,-28,-32,-32,-33,-12,-9,-13,-9,-16,-20,-3,-17,-8,-12,0,0,13,-7,14,1,10,0,12,0,0,0,0,0,39,5,11,0,5,0,0,-27,0,0,49,16,77,37,45,8,8,7,286,164,495,491,1143,1135,1496,1417,1450,1400,1813,2229,3433,2080,2574,1379,5206,5940,12789,9512,12789,2457,10777,6709,10777,9512,29978,29977,29969,29973,29982,29982,29982,29983,29992,29993,29994,29995,29996,29997,29997,29996,29996,29996,29996,29996,29996,29997,29997,29998,29998,29999]} 1. d4 d5 2. c3 e6 3. Nf3 Bd6 4. Bg5 Nf6 5. e3 h6 6. Bh4 {D02: 1 d4 d5 2 Nf3 sidelines, including 2...Nf6 3 g3 and 2...Nf6 3 Bf4.} Nbd7 7. Bd3 b6 8. Nbd2 {White is slightly better.} Bb7 9. O-O {[#]} c5 $146 (9... g5 $5 10. Bg3 $8 Bxg3 11. hxg3 O-O $11) ({Predecessor:} 9... O-O 10. Re1 c5 11. e4 dxe4 12. Bxe4 Qc7 13. Bxb7 Qxb7 14. Nc4 Bc7 15. Bxf6 Nxf6 16. dxc5 bxc5 {0-1 (41) Pasoglou,N (1358)-Nteligiorgis,E (1628) Peristeri 2018}) 10. Re1 Qc7 11. e4 dxe4 12. Nxe4 Nxe4 13. Bxe4 Bxe4 14. Rxe4 O-O 15. Bg3 Bxg3 16. hxg3 Nf6 17. Re3 Rfd8 18. Rd3 Rac8 19. dxc5 Rxd3 20. Qxd3 Qxc5 21. Rd1 g6 (21... Qd5 {with more complications.} 22. Qb1 Qb5 23. Qc2 g6 24. Re1 Qd5) 22. Qd4 Qxd4 23. Rxd4 $11 {[%mdl 4096] Endgame KRN-KRN} Nd5 24. Ne5 Kg7 25. Nd3 Rc6 26. c4 Nf6 27. b3 Rc7 28. Ne5 Rc5 29. Nd7 Nxd7 30. Rxd7 {KR-KR} a5 31. Rb7 Rc6 32. a4 Kf6 33. f4 Rd6 34. Kh2 h5 35. Kh3 Rd3 36. Rxb6 Kf5 (36... g5 $1 $11) 37. Rb5+ Ke4 38. Rxa5 {[#] And now b4 would win.} Rxb3 39. Ra7 f5 $2 {[%mdl 8192] This costs Black the game.} (39... f6 $11) 40. Re7 (40. a5 $142) 40... Kd4 $2 (40... Rb6 {is a better chance.} 41. Kh4 Kd4) 41. Rxe6 $18 Kxc4 (41... Ra3 $142 42. Rxg6 Rxa4) 42. a5 {[%cal Ba4a5,Ba5a6][%mdl 32]} Ra3 43. a6 Kd5 44. Rxg6 h4 45. Kxh4 Ke4 46. Re6+ Kd5 47. Re5+ Kd4 48. Rxf5 Rxa6 49. Kg4 Ke4 50. Rg5 Kd4 51. Re5 Ra2 52. Re1 Rxg2 53. f5 {White mates.} Rf2 54. Kg5 Kd5 55. g4 Kd6 56. f6 Re2 57. Rxe2 {KR-K} Kd7 58. f7 Kd8 59. f8=Q+ Kd7 60. Re7+ Kc6 61. Qf6+ Kd5 62. Re5+ Kd4 63. Qf4+ Kd3 64. Re3+ Kd2 65. Qf2+ {Accuracy: White = 80%, Black = 41%.} 1-0

[Event "Stay Safe Play From Home 173"]
[Site "T#646330Emanuel Laske"]
[Date "2020.05.25"]
[Round "2"]
[White "Archi-ak"]
[Black "Lamborghini"]
[Result "0-1"]
[WhiteElo "2097"]
[BlackElo "2190"]
[Annotator "TA"]
[PlyCount "138"]
[EventDate "2020.05.25"]
[EventType "swiss (blitz)"]

{[%evp 9,137,-8,16,15,14,4,26,18,39,30,66,27,43,30,45,10,46,43,41,24,31,31,43,50,94,70,113,110,88,10,8,5,54,19,53,16,15,5,0,0,20,-16,14,-21,15,0,0,-118,10,-49,-32,-40,-34,-43,-48,-101,-91,-70,-62,-225,-47,-45,-58,-273,-285,-222,-103,-118,-108,-108,-104,-126,-84,-178,-178,-202,-231,-282,-206,-323,-260,-301,-283,-264,-160,-320,-322,-322,-277,-326,-264,-774,-673,-647,-420,-405,-256,-29977,-29978,-29977,-29978,-29981,-29982,-29984,-29985,-29982,-29980,-29980,-29981,-29982,-29983,-29988,-29989,-29989,-29990,-29991,-29992,-29992,-29993,-29994,-29995,-29995,-29996,-29996,-29996,-29997,-29998,-29998,-29999,-29999]} 1. Nf3 Nf6 2. g3 g6 3. Bg2 Bg7 4. O-O O-O 5. d3 c6 6. Nbd2 {A05: Réti Opening: 1 Nf3 Nf6.} d6 7. c3 {[#]} Nfd7 $146 ({Predecessor:} 7... Qa5 8. Qc2 Qh5 9. Re1 Bh3 10. Bh1 Nbd7 11. e4 Ne5 12. d4 Neg4 13. e5 dxe5 14. dxe5 {1-0 (65) Luzar,E (2176)-Anakiev,D (2018) Komenda 2016}) 8. e4 {White has an edge.} Re8 9. Qc2 Nf8 10. Re1 Nbd7 11. Nf1 b6 12. Be3 Ba6 13. Rad1 c5 14. Qd2 e5 15. Bh6 Bxh6 16. Qxh6 f6 17. Qd2 (17. h4 {seems wilder.} Qe7 18. h5 Qg7 19. Qd2 Ne6 20. Ne3) 17... Re7 18. Ne3 Bb7 19. Nd5 (19. h4 $16) 19... Bxd5 $11 20. exd5 Rf7 21. c4 Qc7 22. Qe2 Re8 23. Nd2 f5 24. Qf3 Ree7 25. b3 Qd8 26. Qe2 a5 27. Nf3 h6 28. Qd2 (28. h4 $11) 28... Kh7 (28... e4 $17 29. dxe4 fxe4) 29. a4 (29. a3 $11) 29... Nf6 $15 30. Nh4 Qe8 31. f4 exf4 32. Rxe7 (32. gxf4 $15 Rxe1+ 33. Rxe1) 32... Rxe7 $17 33. Qxf4 Re5 34. Qf2 $2 ({White should try} 34. Nf3 $15 g5 35. Qc1) 34... Qe7 $2 ({Black should play} 34... Ng4 $1 $19 {[%cal Rg4f2]} 35. Qf3 Ne3) 35. Nf3 $1 $15 {[%cal Rf3e5]} Re3 $36 {[%mdl 2048] Black is more active.} (35... Ng4 $5 36. Qd2 $8 Re2 $11) 36. Bf1 $2 (36. Bh3 $15) 36... Ng4 $1 $19 {[%cal Rg4f2]} 37. Qg2 Qf7 (37... Nd7 $19 {is more deadly.} 38. Kh1 Kg7 39. Qb2+ Kf7) 38. Re1 {[#]} Rxe1 $1 39. Nxe1 Qf6 {aiming for ...Qd4+.} 40. Nf3 Qa1 41. h3 {[#]} (41. Qe2 $17 {might work better.}) 41... Ne5 $1 42. Nxe5 Qxe5 43. Qe2 Nd7 ({Much less strong is} 43... Qxg3+ 44. Kh1 $19) 44. Qxe5 (44. Kg2 {is a better defense.}) 44... Nxe5 {[%mdl 4096] Endgame KB-KN} 45. Kf2 Kg7 46. Ke3 Kf6 47. Kf4 $2 (47. Be2 $17 {was necessary.}) 47... g5+ 48. Ke3 Ng6 49. Be2 Ke5 50. Bf3 $2 (50. Bh5 Ne7 51. Bd1) 50... f4+ 51. gxf4+ Nxf4 52. Bg4 h5 53. Be6 $2 (53. Bd7 $19) 53... Nxe6 {Black mates.} 54. dxe6 Kxe6 {KP-KP} 55. d4 Kf5 56. dxc5 dxc5 57. Kf3 g4+ 58. hxg4+ hxg4+ 59. Kg3 Kg5 60. Kg2 Kf4 61. Kf2 g3+ 62. Kg2 Kg4 63. Kg1 Kf3 64. Kf1 g2+ 65. Kg1 Kg3 66. b4 axb4 67. a5 b3 68. axb6 b2 {[%cal Rb2b1]} 69. b7 b1=Q# {Accuracy: White = 52%, Black = 64%.} 0-1

[Event "Stay Safe Play From Home 173"]
[Site "T#646330Emanuel Laske"]
[Date "2020.05.25"]
[Round "2"]
[White "Weltszmerc"]
[Black "Mepe_Nika"]
[Result "1-0"]
[WhiteElo "1945"]
[BlackElo "2246"]
[Annotator "TA"]
[PlyCount "87"]
[EventDate "2020.05.25"]
[EventType "swiss (blitz)"]

{[%evp 9,87,18,18,6,12,15,12,10,0,-27,0,-38,5,-21,-35,-33,0,0,0,-6,8,8,61,63,175,164,203,0,0,0,271,271,276,272,380,378,425,416,420,406,380,295,290,296,300,300,291,284,320,302,302,277,825,824,774,755,1034,1025,1025,850,1070,797,1344,1295,1209,838,29984,29985,29985,29986,29990,29988,29993,29992,29994,29995,29996,29997,29997,29998]} 1. d4 d5 2. c4 c6 3. Nf3 Nf6 4. g3 Bf5 5. Qb3 Qb6 6. Nc3 {D11: Slav Defence: 3 Nf3 sidelines and 3...Nf6 4 e3 Bg4.} e6 7. c5 Qxb3 8. axb3 {The position is equal.} Be7 9. b4 O-O 10. b5 {[#]} a6 $146 ({Predecessor:} 10... cxb5 11. Nxb5 Nc6 12. Bf4 Be4 13. Ra4 Bc2 14. Ra1 Be4 15. Ra4 Bc2 16. Ra1 {½-½ (16) Mladenov,I (2210)-Jaszkiwskyj,P (2141) Leicester 2010}) 11. bxc6 Nxc6 12. Bg2 Ne4 13. O-O h6 14. e3 Bf6 15. Nd2 Nxc3 (15... Nxd2 $11 16. Bxd2 Rad8) 16. bxc3 $14 b5 (16... Bd3 $14) 17. cxb6 $18 {[#] And now e4 would win.} Rfb8 18. f3 $2 (18. e4 $18 dxe4 19. Nc4 (19. Bxe4 Bxe4 20. Nxe4 Bd8 $14)) 18... Rxb6 $11 19. e4 dxe4 $2 {[%mdl 8192] White leaves nothing to chance now.} (19... Bh7 $11 {and Black stays safe.} 20. Kh1 Rc8) 20. fxe4 $18 Bg6 21. e5 Bg5 22. Nc4 Rab8 23. Nxb6 Rxb6 24. Bxg5 hxg5 25. Bxc6 Rxc6 {[%mdl 4096] Endgame KRR-KRB} 26. Rfc1 Bd3 27. Kf2 Bc4 28. Ke3 f5 29. exf6 gxf6 30. Ra5 {Hoping for Rc5.} Kf7 $2 {[#]} (30... Bb5 31. h4 gxh4 32. gxh4 Rc4 33. Rg1+ Kh7) 31. Rc5 Rxc5 32. dxc5 {KR-KB} Ke7 33. Rd1 Bb3 34. Rd6 a5 35. Ra6 a4 36. Ra7+ Kd8 37. Kd4 g4 38. c6 {White mates.} Bd5 39. Kc5 Kc8 40. Kd6 {[%cal Ra7a8]} Kb8 41. Rxa4 f5 42. c7+ Kb7 43. Rb4+ Ka7 44. c8=Q {Accuracy: White = 72%, Black = 47%.} 1-0

[Event "Stay Safe Play From Home 173"]
[Site "T#646330Emanuel Laske"]
[Date "2020.05.25"]
[Round "2"]
[White "The Next Contender"]
[Black "DoRuKMaNN"]
[Result "0-1"]
[WhiteElo "1944"]
[BlackElo "1620"]
[Annotator "TA"]
[PlyCount "115"]
[EventDate "2020.05.25"]
[EventType "swiss (blitz)"]

{[%evp 20,115,27,12,24,10,24,19,23,-146,-129,-137,-118,-154,-155,-189,-99,-156,-152,-318,-122,-185,-201,-223,-211,-298,-145,-140,-107,-236,-237,-275,-281,-366,-371,-345,-346,-484,-484,-643,-643,-618,-602,-643,-643,-643,-643,-869,-643,-785,-612,-606,-572,-560,-20,-26,-19,-21,-16,-218,-217,-299,-235,-1239,-137,-140,-129,-411,-138,-411,-164,-135,29991,-123,-114,-178,29991,-544,0,0,0,0,0,0,0,-8,8,8,8,8,29981,29982,29985,29986,29986,29987,29991,29992]} 1. d4 Nf6 2. c4 e6 3. g3 d5 4. Bg2 c6 5. Nf3 Nbd7 6. O-O Be7 7. e3 b6 8. b3 Bb7 9. Bb2 O-O 10. Nbd2 Rc8 11. Rc1 c5 {E07: Closed Catalan: Main Line (5 Nf3 0-0 6 0-0 Nbd7).} 12. cxd5 exd5 {[#]} 13. dxc5 $146 ({Predecessor:} 13. Qe2 Re8 14. Rfd1 Qc7 15. Ne5 Nf8 16. f4 Qb8 17. Ndf3 Ne4 18. Bh3 Rcd8 19. dxc5 Bxc5 {0-1 (47) Xiong,J (2679)-Wei,Y (2736) chess.com INT 2019}) 13... Nxc5 {The position is equal.} 14. Qe2 $2 (14. Bh3 $11) 14... Ba6 $17 15. Qd1 Bxf1 16. Qxf1 Nce4 17. Rd1 Nxd2 (17... Rc2 $19 18. Bxf6 Nxf6) 18. Rxd2 (18. Nxd2 $142 Rc2 {[#]} 19. Nc4 $1 {[%mdl 512]}) 18... Ne4 19. Rd1 $2 (19. Re2 $17) 19... Bf6 $2 (19... Rc2 $19 20. Ba1 Rxf2) 20. Ba3 (20. Nd4 $17 {is a better defense.}) 20... Re8 $19 {Strongly threatening ...Rc2.} 21. Qd3 Qc7 22. Nd2 (22. Rc1 $142 Qd7 23. Re1) 22... Nxd2 (22... Qc2 $19 {has better winning chances.} 23. Nxe4 dxe4) 23. Qxd2 $17 Red8 24. Rc1 (24. Bh3 $17 Rb8 25. Bb2) 24... Qd7 $19 25. Rd1 {[%cal Rg2d5]} d4 26. exd4 Qxd4 27. Qxd4 Rxd4 ({Don't take} 27... Bxd4 28. Rd2 $19) 28. Rxd4 Bxd4 {[%mdl 4096] Endgame KRB-KB} 29. Bh3 Rc2 {[%mdl 64] [#] Double Attack} 30. Bd6 Rxa2 31. b4 a5 32. bxa5 bxa5 33. Bd7 Rb2 34. Kg2 g6 35. Kf3 Kg7 36. Ke4 Kf6 $2 (36... Rd2 $19 37. Bb5 Bb6) 37. Kxd4 $11 Rd2+ 38. Kc5 Rxf2 39. Bf4 $2 (39. h4 $11 {and White has nothing to worry.}) 39... Rxh2 $19 40. g4 Rf2 41. g5+ $2 (41. Be3 Rf3 42. Kd4) 41... Kg7 $2 (41... Ke7 $19 42. Be3 Re2) 42. Be5+ $17 Kg8 43. Ba4 $2 {[%mdl 8192]} (43. Kc4 $17) 43... Rg2 $2 (43... Rf5 $19 {is more deadly.} 44. Kd6 Rxg5) 44. Kd6 $2 {[%mdl 8192]} (44. Bf6 $17 {only move.}) 44... Rg1 $2 (44... Rxg5 45. Bf6 Rg2) 45. Bf6 $19 Rd1+ $2 {[%mdl 8192]} (45... Re1 $17 46. Kc5 Rc1+ 47. Kd6 Rc4) 46. Ke7 $2 (46. Bxd1 {mates} h6 47. gxh6 a4 48. Bxa4 Kh7 49. Bg7 Kg8 50. Ke7 f5 51. Bc2 f4 52. Bxg6 f3 53. Bd4 f2 54. h7#) 46... Re1+ $17 47. Kd8 (47. Kd7 $17) 47... Rd1+ $4 {[%mdl 8192]} (47... Re4 $19 48. Bc6 Re6) 48. Bd7 $4 {[%mdl 8192]} (48. Bxd1 Kf8 49. Bc2 a4 50. Bxa4 Kg8 51. Ke8 h6 52. gxh6 Kh7 53. Kxf7 Kxh6 54. Bd1 g5 55. Bg7+ Kh7 56. Bc2#) 48... Rxd7+ $2 ({Black should try} 48... a4 $19 49. Be7 Rd3) 49. Kxd7 $19 {KB-KP} a4 50. Kc6 a3 51. Kb5 a2 52. Be5 a1=Q 53. Bxa1 h5 54. Bf6 Kh7 $2 {[%mdl 8192]} (54... h4 $11) 55. Kc6 {White mates.} h4 56. Kd7 h3 57. Be5 f6 58. gxf6 {[%mdl 32768] A wild game. Accuracy: White = 27%, Black = 41%. . Loss on time!?} 0-1

[Event "Stay Safe Play From Home 173"]
[Site "T#646330Emanuel Laske"]
[Date "2020.05.25"]
[Round "2"]
[White "SecantFX"]
[Black "SoulofWolf"]
[Result "0-1"]
[WhiteElo "1896"]
[BlackElo "2234"]
[Annotator "TA"]
[PlyCount "94"]
[EventDate "2020.05.25"]
[EventType "swiss (blitz)"]

{[%evp 9,93,-2,9,-29,27,7,12,-7,64,24,69,56,108,29,50,35,64,42,93,85,91,90,86,31,110,45,43,7,52,-3,121,-22,-16,-64,-61,-78,0,-112,0,-627,-600,-616,-602,-682,-644,-1145,-653,-650,-592,-550,-580,-930,-574,-803,-676,-796,-692,-685,-685,-643,-661,-716,-713,-1091,-1055,-2543,-2302,-29993,-29994,-29994,-29995,-29995,-29993,-29993,-29992,-29992,-29993,-29995,-29994,-29995,-29995,-29995,-29995,-29997,-29996,-29999]} 1. g3 e6 2. Bg2 d5 3. f4 Nd7 4. Nf3 Bd6 {[#]} 5. e3 $146 ({Predecessor:} 5. d3 Ngf6 6. O-O O-O 7. Nc3 c6 8. e4 dxe4 9. dxe4 Bc5+ 10. Kh1 e5 11. f5 {½-½ (49) Heymann,A (1883)-V D Weth V Nordheim,P (1786) Braunfels 2015}) 5... Ne7 6. d4 {A00: Irregular Openings.} Ng6 (6... b6 $142) 7. c3 O-O 8. Nbd2 {The position is equal.} f6 (8... Nf6 $11) 9. O-O c5 10. Re1 b6 {[#]} (10... f5 $14) 11. b3 (11. f5 $1 $16 {[%mdl 512]} Ne7 (11... exf5 12. Nh4) 12. fxe6) 11... Bb7 12. Bb2 Qc7 13. Rc1 Rae8 (13... b5 $14) 14. c4 $16 Qb8 15. cxd5 exd5 16. Nf1 (16. Nb1 $16) 16... Re7 (16... Rf7 $14) 17. h3 ({Better is} 17. h4 $16) 17... Rfe8 18. Qc2 a5 19. N3d2 (19. h4 $14) 19... Rc8 (19... cxd4 $11 {remains equal.} 20. Bxd4 Ba3) 20. Rcd1 (20. Qf5 $16) 20... cxd4 21. Qd3 dxe3 $1 22. Nxe3 {[#]} Nc5 (22... Bxf4 $1 $17 {[%mdl 512]} 23. gxf4 (23. Bxd5+ Kh8 $17) 23... Nxf4) 23. Qf1 {[#]} (23. Bxd5+ $11 Kh8 24. Qf5) 23... Rce8 ({Black should play} 23... Kh8 $1 $17 {And now ...Ba6 would win.} 24. Nxd5 {[%mdl 64] Double Attack} Rxe1 25. Rxe1 Bxd5 26. Bxd5 Bxf4 27. gxf4 Nxf4) 24. Nf3 $2 {[%mdl 8192] White is now going downhill.} (24. Nxd5 $11 Rxe1 25. Rxe1) 24... Rxe3 25. Rxe3 Rxe3 26. Bd4 Re8 27. Bf2 Ne4 28. Nd4 Nxf2 29. Qxf2 Bc5 30. Qf3 Qd8 31. h4 Qe7 {...Bxd4+ is the strong threat.} 32. h5 Nf8 {aiming for ...Ne6.} 33. Kh2 Bxd4 34. Rxd4 Ne6 35. Rd3 Nc5 {Hoping for ...d4.} 36. Rd2 {[#]} d4 $1 37. Qxb7 (37. Rxd4 Bxf3) 37... Nxb7 38. Bxb7 Qxb7 {Black mates.} 39. Rxd4 Qf3 40. Rd2 Qxh5+ 41. Kg2 Re2+ 42. Rxe2 Qxe2+ {[%mdl 64] Double Attack} 43. Kh3 Qxa2 44. b4 axb4 45. Kg4 b3 46. Kf5 b2 47. g4 b1=Q# {Accuracy: White = 39%, Black = 33%.} 0-1